Philosophie, Religion, Offenbarung
Guardat en:
| Autor principal: | |
|---|---|
| Format: | Llibre |
| Idioma: | alemany |
| Publicat: |
Gotinga
Vandenhoeck & Ruprecht
1999
|
| Edició: | 1a. ed |
| Col·lecció: | Beiträge zur Systematischen Theologie, 1
|
| Matèries: | |
| Etiquetes: |
Afegir etiqueta
Sense etiquetes, Sigues el primer a etiquetar aquest registre!
|
MARC
| LEADER | 00000cam a2200000 a 4500 | ||
|---|---|---|---|
| 001 | UCE8173 | ||
| 003 | CL-VaPUC | ||
| 008 | 150728e19990000gw |||||||||||||||||ger|d | ||
| 020 | |a 3525561946 | ||
| 082 | 0 | 4 | |a 210 |b PAN |2 21 |
| 100 | |a Pannenberg, Wolfhart |e verfasser |9 580528 | ||
| 245 | 1 | 0 | |a Philosophie, Religion, Offenbarung |
| 250 | |a 1a. ed | ||
| 300 | |a 328 p | ||
| 942 | |c BK | ||
| 945 | |d 20150728 02:04:00 |a gsalatino | ||
| 260 | |a Gotinga |b Vandenhoeck & Ruprecht |c 1999 | ||
| 650 | 0 | |a Teología |9 258766 | |
| 650 | 0 | |a Cristianismo |9 257361 | |
| 650 | 0 | |a Filosofía |9 223554 | |
| 650 | 0 | |a Razón |9 314475 | |
| 583 | |a last modification |c 20150728 02:04:00 |k Rodrigo Vera | ||
| 490 | 0 | |a Beiträge zur Systematischen Theologie, 1 | |
| 999 | |c 360112 |d 360110 | ||
| 952 | |0 0 |1 0 |3 erb |4 0 |6 210_000000000000000_PAN_1999 |7 0 |8 A |9 469754 |a BIBTEO |b BIBTEO |e Casale Rolle, Carlos Ignacio, -2014 |i 5183669 |o 210 PAN 1999 |p 5183669 |r 2025-01-17 |w 2019-11-23 |y BK |z Catalogado en:20150728 |k ICR | ||